| 000 | 01886cam a22004454i 4500 | ||
|---|---|---|---|
| 003 | PE-LiUPU | ||
| 005 | 20250731173520.0 | ||
| 008 | 150616s r 000 0 d | ||
| 035 | _a(Sirsi) a8276 | ||
| 040 |
_aPE-LiUPU _bspa _cPE-LiUPU _erda |
||
| 049 | _aPRUA | ||
| 082 | 0 | 4 |
_a291.62 _bP66 _221 |
| 100 | 1 |
_aPiobb, P V., _eautor. |
|
| 245 | 1 | 3 |
_aLe Secret de Nostradamus / _cP V. Piobb. |
| 264 | 1 |
_aParís : _bEditions Dangles, _c1792. |
|
| 300 |
_a190 páginas : _bilustraciones (dibujos) ; _c22 cm. |
||
| 336 |
_atext _2rdacontent |
||
| 337 |
_aunmediated _2rdamedia |
||
| 338 |
_avolume _2rdacarrier |
||
| 505 | 0 | _aLegis cautio (Introduction) -- Le systeme chroco-cosmographique des propheties -- Le probleme de l'evolution de la France depuis 1792 -- Le prediction concernant la France de 1792 a 1870 -- La Troisieme Republique -- La Ville de Paris et ses determinations geometriques -- Les changements politiques et la venue du Coq -- Nostradamus a-t-il voulu tromper ou troubler son public? -- Les secrets des Prophéties -- Comment l'espoir se conserve tenace malgré les termes alarmants des prophéties. | |
| 526 | _aSEG42 | ||
| 526 | _aSEG41 | ||
| 526 | _aSEG40 | ||
| 526 | _aSEG39 | ||
| 526 | _aP94 | ||
| 526 | _aP87 | ||
| 526 | _aP86 | ||
| 526 | _aP85 | ||
| 526 | _aP77 | ||
| 526 | _aP76 | ||
| 526 | _aP35 | ||
| 600 | 1 |
_aNostradamus, _d1503-1566 _xEstudios |
|
| 910 |
_ajck _bjvq _cjck |
||
| 942 |
_2ddc _cBOOK |
||
| 949 |
_a291.62 P66 _wDEWEY _c1 _i41549 _lCCODEBUL1 _mBUL _p00.00 _r0 _sY _tBOOK _u19960726 _xBIBLIOTECA _zUNKNOWN _0COMPRA _o.STAFF. Colección General |
||
| 994 |
_aC0 _bPEPRU |
||
| 596 | _a1 | ||
| 999 |
_a291.62 P66 _wDEWEY _c59610 _i41549 _f2021-11-12 _g5 _lCCODEBUL1 _mBUL _r0 _sY _tBOOK _u2015-6-16 _xTEOLOGIA _zUNKNOWN _0COMPRA _o.STAFF. Colección General _d59610 |
||
| 980 |
_81 _gALBERTO SANCHEZ Responsable de Automatización |
||